| 000 | 01276cam a22001934a 4500 | ||
|---|---|---|---|
| 005 | 20250605164126.0 | ||
| 008 | 250528s ||||||||||||||||||||||||d | ||
| 035 | _a18448 | ||
| 020 | _a9602552174 | ||
| 040 |
_aGR-AtMCL _bgre _dGR-AtMCL _eAACR2 |
||
| 245 | 1 | _aΕισαγωγή στη Δημόσια Οικονομική | |
| 260 |
_bΕκδόσεις Κριτική - Επιστημονική Βιβλιοθήκη, _c1999 |
||
| 300 | _a392 | ||
| 520 | _aΟ Ρόλος του Δημόσιου και του Ιδιωτικού Τομέα στα Σύγχρονα Οικονομικά Συστήματα, Κρατικός Παρεμβατισμός και κατά Pareto Αριστοποίηση, Δημόσια Αγαθά και Εξωτερικές Οικονομίες, Δημόσιες Επιχειρήσεις, Κρατικός Προϋπολογισμός, Γενική Θεωρία των Φόρων, Οι Επιπτώσεις των Φόρων, Δημόσιες Δαπάνες, Ανάλυση Κόστους - Όφελους, Δημοσιονομική Πολιτική Σταθεροποίησης και Μεγέθυνσης, Βιβλιογραφία. | ||
| 700 | 1 |
_aΔαλαμάγκας Βασίλειος _94712 |
|
| 942 | _cBK | ||
| 999 |
_c3809 _d3809 |
||